Algebra superior y cálculo simplificados con prácticas, ejercicios y respuestas
Bewaard in:
| Hoofdauteurs: | , |
|---|---|
| Formaat: | Boek |
| Taal: | Spaans |
| Gepubliceerd in: |
Ciudad de México
Compañía General de Ediciones
1969
|
| Reeks: | Enciclopedia Tecnológica Simplificada
|
| Onderwerpen: | |
| Tags: |
Voeg label toe
Geen labels, Wees de eerste die dit record labelt!
|
MARC
| LEADER | 00000nam a2200000 a 4500 | ||
|---|---|---|---|
| 001 | UCT3268 | ||
| 003 | CL-VaPUC | ||
| 008 | 961018e19690814MX |||||||||||||||||spa|d | ||
| 082 | 0 | 4 | |a 512 |b GON |2 21 |
| 100 | |a Gondin, William R |e author |9 422257 | ||
| 700 | 0 | |a Sohmer, Bernard |e author |9 372189 | |
| 245 | 1 | 0 | |a Algebra superior y cálculo simplificados con prácticas, ejercicios y respuestas |
| 300 | |a 223 p | ||
| 942 | |c BK | ||
| 945 | |d 19961018 00:00:00 |a paguirre | ||
| 260 | |a Ciudad de México |b Compañía General de Ediciones |c 1969 | ||
| 650 | 0 | |a Matemática |9 260235 | |
| 650 | 0 | |a Álgebra |9 259567 | |
| 650 | 0 | |a Cálculo |9 260234 | |
| 650 | 0 | |a Logaritmos |9 260266 | |
| 650 | 0 | |a Ecuaciones algebraicas |9 359705 | |
| 650 | 0 | |a Vectores |9 317184 | |
| 650 | 0 | |a Cálculo integral |9 260103 | |
| 583 | |a last modification |c 19961018 00:00:00 |k Rodrigo Vera | ||
| 490 | 0 | |a Enciclopedia Tecnológica Simplificada | |
| 999 | |c 252982 |d 252980 | ||